00367 2200157 4500245003400000020001800034250001100052100001300063650001600076005001900092260003800111041001400149084000800163300002900171336000900200 aPacar SobatkucKinoysanhText a979-222-114-X aCet. 1 aKinoysan aNovel Fiksi a20230110070415 aYogyakartabMedia Pressindoc2005 aIndonesia a813 aviii, 116 hlm. :c20 cm. atext